00604cam a2200181 a 4500020001500000040000800015082002600023245005500049260012300104300003200227650001000259650000900269700002300278700002200301700001900323710003700342710004300379 a9712201074 cDLC00a633 PAC 1998 A037 Or.00aSustainability of rice in the global food system / aDavis, Calif. :bPacific Basin Study Center ;aLos Banos, Philippines :bInternational Rice Research Institute,c1998. av, 404 p. :bill. ;c23 cm. 0aRice. 0aRice1 aDowling, Noreen G.1 aGreenfield, S. M.1 aFischer, K. S.2 aUniversity of California, Davis.2 aInternational Rice Research Institute.